ಪ್ರಮುಖ ರಾಜಕೀಯ ಸಿದ್ಧಾಂತಗಳು/ (Record no. 1419087)

MARC details
000 -LEADER
fixed length control field 01438nam a2200361 a 4500
001 - CONTROL NUMBER
control field vtls001998892
003 - CONTROL NUMBER IDENTIFIER
control field NLI
005 - DATE AND TIME OF LATEST TRANSACTION
control field 20210630151817.0
008 - FIXED-LENGTH DATA ELEMENTS--GENERAL INFORMATION
fixed length control field 180515 2009 ii 000 0 eng d
020 ## - INTERNATIONAL STANDARD BOOK NUMBER
Terms of availability Rs.120/- (pbk)
039 #9 - LEVEL OF BIBLIOGRAPHIC CONTROL AND CODING DETAIL [OBSOLETE]
Level of rules in bibliographic description 201808041641
Level of effort used to assign nonsubject heading access points virupakshbh
-- 201805151610
-- shrutik
040 #9 - CATALOGING SOURCE
Original cataloging agency NLI
Transcribing agency Kan
Description conventions AACR-2
041 ## - LANGUAGE CODE
Language code of text/sound track or separate title Kan
044 ## - COUNTRY OF PUBLISHING/PRODUCING ENTITY CODE
MARC country code ii
082 04 - DEWEY DECIMAL CLASSIFICATION NUMBER
Classification number 320
Edition number 22
100 1# - MAIN ENTRY--PERSONAL NAME
Linkage 880-01
Personal name ಭುವನೇಶ್ವರ ಪ್ರಸಾದ, ಎಂ.ಪಿ.
9 (RLIN) 848203
245 1# - TITLE STATEMENT
Linkage 880-02
Title ಪ್ರಮುಖ ರಾಜಕೀಯ ಸಿದ್ಧಾಂತಗಳು/
Statement of responsibility, etc. ಎಂ.ಪಿ. ಭುವನೇಶ್ವರ ಪ್ರಸಾದ್
246 ## - VARYING FORM OF TITLE
Title proper/short title Pramukha rajakiya siddhantagalu
-- M.P.Bhuvaneswara Prasad
260 ## - PUBLICATION, DISTRIBUTION, ETC.
Place of publication, distribution, etc. ಬೆಂಗಳೂರು :
Name of publisher, distributor, etc. ದಾಮಿನಿ ಸಾಹಿತ್ಯ ,
Date of publication, distribution, etc. 2007
300 ## - PHYSICAL DESCRIPTION
Extent 200p.;
Dimensions 21cm.
650 #0 - SUBJECT ADDED ENTRY--TOPICAL TERM
Topical term or geographic name entry element Political sciene
9 (RLIN) 1336518
650 #0 - SUBJECT ADDED ENTRY--TOPICAL TERM
Topical term or geographic name entry element Politics
9 (RLIN) 738649
880 1# - ALTERNATE GRAPHIC REPRESENTATION
Linkage 100-01 /(B
a Bhuvanēsvara Prasād,M.P
880 1# - ALTERNATE GRAPHIC REPRESENTATION
Linkage 245-02 /(B
a Pramukha rājakīya siddhantagalu /
c M.P. Bhuvanēśvara Prasād
887 ## - NON-MARC INFORMATION FIELD
Content of non-MARC field shruti viru
901 ## - LOCAL DATA ELEMENT A, LDA (RLIN)
a Kan 42140
b 2/9/2009
902 ## - LOCAL DATA ELEMENT B, LDB (RLIN)
a Kan 320 Bh 765pr
904 ## - LOCAL DATA ELEMENT D, LDD (RLIN)
a shruti
905 ## - LOCAL DATA ELEMENT E, LDE (RLIN)
a viru
949 ## - LOCAL PROCESSING INFORMATION (OCLC)
-- VIRTUAITEM
-- 10009
-- 100
6 DBA000042140KAN
a Kan 320 Bh 765pr
e Kan 42140
942 ## - ADDED ENTRY ELEMENTS (KOHA)
Source of classification or shelving scheme Dewey Decimal Classification
Koha item type Books
Holdings
Withdrawn status Lost status Damaged status Not for loan Collection code Home library Current library Shelving location Date acquired Total Checkouts Full call number Barcode Date last seen Price effective from Koha item type
        Kannada National Library of India National Library of India       Kan 320 Bh 765pr DBA000042140KAN 30/06/2021 30/06/2021 Books
                                                                           
web counter

Copyright ©2020 The National Library of India, Govt. of India ↔ Hosted by NVLI, MOC ↔ Technology and Design by National Library of India, Ministry of Culture, Govt. of India